LEADER 01191nam a2200277 u 4500 001 000000005836 003 CaOOAMICUS 005 20070226104816.0 008 950309s1980 it bf u000 u ita u 020 $aL19500 035 $a10148271 040 $aMSA$bita 245 00$aStoria del cristianesimo in Polonia /$ca cura di Jerzy K?oczowski ; prefazione di Gabriele De Rosa. 260 $a[Bologna] :$bCentro studi Europa orientale,$c[1980] 300 $a495 p., [15] p. of plates :$bmaps (some col.) ;$c21 cm 490 1 $aBiblioteca / CSEO 504 $aBibliography: p. 473-495. 651 0$aPoland$xChurch history.$2//eng$0(OLS)http://pul/subject/5345 700 1 $aK?oczowski, Jerzy.$0(OLS)http://pul/name/5988 830 0$aCSEO biblioteca.$0(OLS)http://pul/title/8544 850 $aPUL 852 $aPUL$W1$xDP1 Fondo Maccarrone$y58$m1510 E 26$j8296$nBK-PRI$b $qFondi$B8296$CPULBib$Z2$F8296 $H $81 941 1 $a1 996 $6020$aL19500$9(OLS)http://pul/number/7564 996 $6245$aStoria del cristianesimo in Polonia$9(OLS)http://pul/title/8543 996 $6260$a[Bologna] :$bCentro studi Europa orientale$9(OLS)http://pul/publisher/51023 LEADER 02390nam a2200373 u 4500 001 000000043741 003 CaOOAMICUS 005 20070226114454.0 008 990412s1617 gw a u000 u lat u 035 $a10819715 040 $aPUL$bita 100 1 $aAlciati, Andrea,$d1492-1550.$0(OLS)http://pul/name/16043 240 10$aOpere$9(Alciati, Andrea, 1492-1550).$0(OLS)http://pul/title/59003 245 10$aD. Andreae Alciati ... Opera omnia in quatvor tomos legitimè digesta, natiuo suo decori restituta, indice locupletiss. adaucta. 260 $aFrancofurti :$bsumptibus haeredum Lazari Zetzneri,$c1617. 300 $a4 v. ;$c41 cm 500 $aFront. in rosso e nero. 850 $aPUL 852 $aPUL$W1$xDP1 Antico 600$y25$m200 D 5-8$j58939$nBK-PRI$b $qStampati Antico$B58939$CPULBib$Z2$F58939 $H $81 852 $aPUL$W1$xDP1 Antico 600$y25$m200 D 5-8$j58939$nBK-PRI$b $qStampati Antico$B58940$CPULBib$Z2$F58940 $H $81 852 $aPUL$W1$xDP1 Antico 600$y25$m200 D 5-8$j58939$nBK-PRI$b $qStampati Antico$B58941$CPULBib$Z2$F58941 $H $81 852 $aPUL$W1$xDP1 Antico 600$y25$m200 D 5-8$j58939$nBK-PRI$b $qStampati Antico$B58942$CPULBib$Z2$F58942 $H $81 852 $aPUL$W1$xDP1 Antico 600$y25$m194 H 1-4$j58943$nBK-PRI$b $qStampati Antico$B58943$CPULBib$Z2$F58943 $H $81 852 $aPUL$W1$xDP1 Antico 600$y25$m194 H 1-4$j58943$nBK-PRI$b $qStampati Antico$B58944$CPULBib$Z2$F58944 $H $81 852 $aPUL$W1$xDP1 Antico 600$y25$m194 H 1-4$j58943$nBK-PRI$b $qStampati Antico$B58945$CPULBib$Z2$F58945 $H $81 852 $aPUL$W1$xDP1 Antico 600$y25$m194 H 1-4$j58943$nBK-PRI$b $qStampati Antico$B58946$CPULBib$Z2$F58946 $H $81 900 $aAlciato, Andrea,$d1492-1550$916043 941 1 $a15 961 $aINV: 3507 961 $aINV: 3507 961 $aINV: 3507 961 $aINV: 3507 996 $6245$aD. Andreae Alciati ... Opera omnia in quatvor tomos legitimè digesta, natiuo suo decori restituta, indice locupletiss. adaucta$9(OLS)http://pul/title/59004 996 $6260$aFrancofurti :$bsumptibus haeredum Lazari Zetzneri$9(OLS)http://pul/publisher/65417